| 000 | 00357 a2200157 4500 | ||
|---|---|---|---|
| 001 | 61308 | ||
| 020 | _a8526252383 | ||
| 040 | _cAnchieta - Pituba | ||
| 100 | _aUrata, Nelson S. | ||
| 240 | 1 | 0 |
_aPoesia marginal dos anos 70 _lpor |
| 245 | 1 | 0 | _aPoesia marginal dos anos 70 |
| 300 | _a71 | ||
| 362 | 0 | _a1995 | |
| 650 | 4 | _aLiteratura brasileira | |
| 942 | _cBK | ||
| 999 |
_c61308 _d61308 |
||